Dynamic physical education for elementary school children
Updated to incorporate current standards and recommendations, "the bible" of elementary P.E. continues to provide the best combination of theoretical framework and hands-on activities available. Dynamic Physical Education for Elementary School Children provides prospective teachers with th...
Đã lưu trong:
| Príomhúdar: | |
|---|---|
| Formáid: | Leabhar |
| Teanga: | Undetermined |
| Foilsithe: |
Minneapolis, Minn.
Burgess Pub. Co.
1983
|
| Ábhair: | |
| Clibeanna: |
Cuir Clib Leis
Gan Chlibeanna, Bí ar an gcéad duine leis an taifead seo a chlibeáil!
|
| Thư viện lưu trữ: | Trung tâm Học liệu Trường Đại học Cần Thơ |
|---|
| LEADER | 01431nam a2200217Ia 4500 | ||
|---|---|---|---|
| 001 | CTU_186677 | ||
| 008 | 210402s9999 xx 000 0 und d | ||
| 082 | |a 372.86044 | ||
| 082 | |b D235 | ||
| 100 | |a Dauer, Victor Paul | ||
| 245 | 0 | |a Dynamic physical education for elementary school children | |
| 245 | 0 | |c Victor P. Dauer, Robert P. Pangrazi | |
| 260 | |a Minneapolis, Minn. | ||
| 260 | |b Burgess Pub. Co. | ||
| 260 | |c 1983 | ||
| 520 | |a Updated to incorporate current standards and recommendations, "the bible" of elementary P.E. continues to provide the best combination of theoretical framework and hands-on activities available. Dynamic Physical Education for Elementary School Children provides prospective teachers with the tools necessary to ensure success in today's educational environment. Whether starting a new program, restructuring an established one, or working with a team in an existing system, DPE is a valuable pre-service and in-service tool. The thirteenth edition integrates the National Standards for Physical Education and addresses new recommendations designed to increase the activity levels of children and improve their overall fitness levels. | ||
| 650 | |a Physical education for children,Giáo dục tự nhiên cho trẻ | ||
| 650 | |x Study and teaching,Dạy và học | ||
| 650 | |z United States,Hoa Kỳ | ||
| 910 | |a Hải | ||
| 980 | |a Trung tâm Học liệu Trường Đại học Cần Thơ | ||